000 00346nam a2200121 4500
999 _c10143
_d10143
008 180803b ||||| |||| 00| 0 eng d
100 _929941
_aLumawag, Reuel John F.
245 _aIce cream in a coconut/
_cReuel John F. Lumawag
260 _aDavao City
_bSun Star Davao
_cc2017
300 _apage 10.
650 0 _929942
_aFood.
942 _2ddc
_cPER